| 000 -LEADER |
| fixed length control field |
00958cam a22002534i 4500 |
| 001 - CONTROL NUMBER |
| control field |
19036640 |
| 005 - DATE AND TIME OF LATEST TRANSACTION |
| control field |
20201201130936.0 |
| 008 - FIXED-LENGTH DATA ELEMENTS--GENERAL INFORMATION |
| fixed length control field |
160330s2015 miu a b 001 0 eng |
| 020 ## - INTERNATIONAL STANDARD BOOK NUMBER |
| International Standard Book Number |
9780866124515 |
| 041 ## - LANGUAGE CODE |
| Language code of text/sound track or separate title |
eng |
| 080 ## - UNIVERSAL DECIMAL CLASSIFICATION NUMBER |
| Universal Decimal Classification number |
338.48+796 S-34 |
| 100 1# - MAIN ENTRY--PERSONAL NAME |
| Personal name |
Schmidgall, Raymond S., |
| Dates associated with a name |
1945- |
| 9 (RLIN) |
9801 |
| 245 10 - TITLE STATEMENT |
| Title |
Hospitality industry financial accounting / |
| Statement of responsibility, etc. |
Raymond S. Schmidgall, Ph.D., CPA, James W. Damitio, Ph.D., CMA. |
| 250 ## - EDITION STATEMENT |
| Edition statement |
Fourth edition. |
| 264 #1 - PRODUCTION, PUBLICATION, DISTRIBUTION, MANUFACTURE, AND COPYRIGHT NOTICE |
| Place of production, publication, distribution, manufacture |
Lansing, Michigan : |
| Name of producer, publisher, distributor, manufacturer |
AHLEI, American Hotel & Lodging Educational Institute, |
| Date of production, publication, distribution, manufacture, or copyright notice |
2015. |
| 300 ## - PHYSICAL DESCRIPTION |
| Extent |
555 pages : |
| Other physical details |
illustrations ; |
| Dimensions |
23 cm. |
| 650 #0 - SUBJECT ADDED ENTRY--TOPICAL TERM |
| Topical term or geographic name entry element |
Hospitality industry |
| General subdivision |
Accounting. |
| 9 (RLIN) |
9802 |
| 650 #0 - SUBJECT ADDED ENTRY--TOPICAL TERM |
| Topical term or geographic name entry element |
Accounting. |
| 9 (RLIN) |
2071 |
| 653 ## - INDEX TERM--UNCONTROLLED |
| keyword |
ეკონომიკა |
| 653 ## - INDEX TERM--UNCONTROLLED |
| keyword |
ტურიზმი |
| 653 ## - INDEX TERM--UNCONTROLLED |
| keyword |
სტუმართმოყვარეობის ინდუსტრია |
| 700 1# - ADDED ENTRY--PERSONAL NAME |
| Personal name |
Damitio, James W. |
| Relator term |
ავტორი |
| 9 (RLIN) |
9803 |
| 942 ## - ADDED ENTRY ELEMENTS (KOHA) |
| Source of classification or shelving scheme |
|
| Koha item type |
წიგნი |